00580nam a2200169Ia 4500008004100000020001500041041001200056082001600068100001400084245005900098260003600157300000800193650001600201942000700217999001500224952017100239221030s9999 xx 000 0 und d a8188458589 aEnglish a105.23bJha aS. K. Jha 0aComputer Fundamentals & Programming in Ccby S. K. Jha bS.K Kataria & SonsaDelhic2006 a463 aBE Computer cBK c3683d3683 pBE 9039g165.00l0o105.23 Jhar2024-06-13 00:00:00w2022-10-30yBK003Print4070aMIETLIBbMIETLIBcBL-Academic Block C, FL-2, CUP-20, SH-2, R-2d2006-12-0210HBE